Svět bez nás
| Main Author: | |
|---|---|
| Other Authors: | |
| Format: | Book |
| Language: | Czech English |
| PhysicalDescription: | 409 s. ilustr. 2009 |
| Published: |
Praha
Argo Dokořán
2009
|
| ISBN: | 9788025700723 9788073632335 |
| Edition: | Vyd. 1. |
| Series: | Aliter
|
| Subjects: |
MARC
| LEADER | 00000cam a2200000 a 4500 | ||
|---|---|---|---|
| 001 | vtls009489289 | ||
| 003 | SK-MaSNL | ||
| 005 | 20260302043623.0 | ||
| 008 | 251029s2009 xr a g 011 0 cze | ||
| 020 | |a 9788025700723 |q (Argo : viaz.) | ||
| 020 | |a 9788073632335 |q (Dokořán : viaz.) | ||
| 040 | |a SNK |b slo |c SNK |e AACR2 | ||
| 041 | 1 | |a cze |h eng | |
| 044 | |a xr |c CZ | ||
| 072 | 7 | |a 502 |x Životné prostredie a jeho ochrana |2 konspekt | |
| 080 | |a 502.1 |2 2001 | ||
| 080 | |a 316.7+008 |2 2001 | ||
| 080 | |a (0:82-4) |2 2001 | ||
| 100 | 1 | |a Weisman, Alan, |d 1947- |4 aut |9 538145 | |
| 240 | 1 | 4 | |a The world without us |l Česky |
| 245 | 1 | 0 | |a Svět bez nás |c Alan Weisman ; přeložila Hana Loupová |
| 250 | |a Vyd. 1. | ||
| 260 | |a Praha |b Argo |b Dokořán |c 2009 | ||
| 300 | |a 409 s. |b ilustr. |c 2009 | ||
| 490 | 1 | |a Aliter |v sv. 39 | |
| 504 | |a Obsahuje bibliogr. a reg. | ||
| 650 | 0 | 7 | |a človek a príroda |2 SNKPH |9 68364 |
| 650 | 0 | 7 | |a človek a životné prostredie |2 SNKPH |9 67108 |
| 650 | 0 | 7 | |a civilizácia |2 SNKPH |9 887 |
| 650 | 0 | 7 | |a Man and nature |2 SNKPHeng |9 306213 |
| 650 | 0 | 7 | |a Man and environment |2 SNKPHeng |9 298646 |
| 650 | 0 | 7 | |a Civilization |2 SNKPHeng |9 302583 |
| 655 | 7 | |a eseje |2 SNKPH |9 57030 | |
| 655 | 7 | |a Essays |2 SNKPHeng |9 267540 | |
| 700 | 1 | |a Antonínová, Hana, |d 1959- |4 trl |9 132741 | |
| 830 | 0 | |a Aliter |9 306575 | |
| 919 | |a 978-80-257-0072-3 | ||
| 919 | |a 978-80-7363-233-5 | ||
| 999 | |c 1087285 |d 1089215 | ||
| 952 | |a SNK |b SNK |y VYP |7 0 |p 17A0641567 |o snkIC 138283 |i snk2010/625 |8 4 |g 11.86 |0 0 |1 0 |4 0 |d 2009-11-24 |l 0 |r 2026-02-24 16:46:04 |w 2026-02-24 | ||


